000 00326nam a22001337a 4500
008 180216b xxu||||| |||| 00| 0 eng d
020 _a9780871202697
041 _aeng
080 _a37
100 _a47
101 _aEDU
245 _aEnhancing proessional practice a framework for teaching
_cDanielson,Ch
942 _2udc
_cBK
999 _c42768
_d42768